Politika zamestnanosti v Európskej únii
Sociálna politika a zamestnanosť v Zákonníku práce. Európska stratégia zamestnanosti. Piliere zamestnanosti EÚ.
Saved in:
| Main Author: | |
|---|---|
| Format: | Book Chapter |
| Language: | Slovak |
| Subjects: | |
| Tags: |
No Tags, Be the first to tag this record!
|
MARC
| LEADER | 00000naa$a2200000$$$4500 | ||
|---|---|---|---|
| 001 | 0051091 | ||
| 005 | 20240502071607.9 | ||
| 041 | 0 | |a slo | |
| 044 | |a SK | ||
| 245 | 1 | 0 | |a Politika zamestnanosti v Európskej únii |c Ladislav Bažó |
| 520 | |a Sociálna politika a zamestnanosť v Zákonníku práce. Európska stratégia zamestnanosti. Piliere zamestnanosti EÚ. | ||
| 610 | 2 | 0 | |a zamestnanosť |
| 610 | 2 | 0 | |a politika zamestnanosti |
| 610 | 2 | 0 | |a trh práce |
| 610 | 2 | 0 | |a spolupráca medzinárodná |
| 610 | 2 | 0 | |a politika sociálna |
| 610 | 2 | 0 | |a zákonník práce |
| 100 | 1 | |a Bažó, Ladislav, 1980- | |